List of subject headings for small libraries (Record no. 140557)
[ view plain ]
| 000 -LEADER | |
|---|---|
| campo de control de longitud fija | 00624nam a2200193 i 4500 |
| 001 - NÚMERO DE CONTROL | |
| campo de control | 140557 |
| 003 - IDENTIFICADOR DE NÚMERO DE CONTROL | |
| campo de control | ES-MaACL |
| 005 - FECHA Y HORA DE LA ÚLTIMA TRANSACCIÓN | |
| campo de control | 20230906200114.0 |
| 007 - CAMPO FIJO DE DESCRIPCIÓN FÍSICA--INFORMACIÓN GENERAL | |
| campo de control de longitud fija | t| |
| 008 - DATOS DE LONGITUD FIJA--INFORMACIÓN GENERAL | |
| campo de control de longitud fija | 070214s1933 xxu r ||||1| eng d |
| 080 ## - NÚMERO DE LA CLASIFICACIÓN DECIMAL UNIVERSAL | |
| Número de la Clasificación Decimal Universal | 025.343.1 |
| 245 00 - MENCIÓN DEL TÍTULO | |
| Título | List of subject headings for small libraries |
| Resto del título | : compiled from list used in nine representative small libraries / |
| Mención de responsabilidad, etc. | edited by Minnie Sears. |
| 250 ## - MENCION DE EDICION | |
| Mención de edición | 3 ª ed. |
| 260 ## - PUBLICACIÓN, DISTRIBUCIÓN, ETC. | |
| Lugar de publicación, distribución, etc. | New York : |
| Nombre del editor, distribuidor, etc. | W. Wilson, |
| Fecha de publicación, distribución, etc. | 1933. |
| 300 ## - DESCRIPCIÓN FÍSICA | |
| Extensión | XXVIII, 453 p. ; |
| Dimensiones | 26 cm. |
| 650 #4 - PUNTO DE ACCESO ADICIONAL DE MATERIA--TÉRMINO DE MATERIA | |
| Término de materia o nombre geográfico como elemento de entrada | Encabezamientos de materia ingleses. |
| 9 (RLIN) | 156081 |
| 700 1# - ENTRADA AGREGADA--NOMBRE PERSONAL | |
| Nombre de persona | Sears, Minnie. |
| 9 (RLIN) | 104995 |
| 852 ## - LOCALIZACIÓN | |
| Ubicación | ES-MaACL |
| Número de control de estantería | A-2629 |
| Estatus retirado | Estado de pérdida | Estado de daño | No para préstamo | Biblioteca de origen | Biblioteca actual | Ubicación en estantería | Fecha de adquisición | Fuente de adquisición | Total de préstamos | Signatura topográfica completa | Código de barras | Visto por última vez | Precio de reemplazo | Tipo de ítem Koha |
|---|---|---|---|---|---|---|---|---|---|---|---|---|---|---|
| Biblioteca del Ateneo de Madrid | Biblioteca del Ateneo de Madrid | Sala Pecera Planta 1 | 17/01/2008 | A-2629 | 1146266 | 23/02/2023 | 23/02/2023 | Libro impreso |
